| 000 | 00723nam a2200193 4500 | ||
|---|---|---|---|
| 003 | - | ||
| 005 | 20260508222639.0 | ||
| 008 | - | ||
| 020 | _a978-9968-03-828-7 | ||
| 040 |
_aBiblioteca LadoV Teorética _bspa _cBiblioteca LadoV Teorética _erda |
||
| 082 | 0 | 4 |
_a362.196.9792 _bL7359i |
| 100 | 1 |
_aLuis R. Herra _eautor |
|
| 245 | 1 | 0 |
_aVIHsibles : _bUna respuesta comunitaria a la pandemia / _cpor Luis R. Herra |
| 260 | 1 |
_aCosta Rica : _bCentro de Investigación en Cultura y Desarrollo, _c2024 |
|
| 300 |
_a103 páginas : _bimágenes a color ; _c21.5 x 14 cm. |
||
| 500 | _aMaterial elaborado con el apoyo de HIVOS en el marco del Fondo Subvención Proyecto VIH-CR. | ||
| 650 | 7 |
_2Tesauro de la UNESCO _aSIDA |
|
| 942 |
_2ddc _c1 _n0 |
||
| 999 |
_c4664 _d4664 |
||